| 000 | 00668cam a2200205 i 4500 | ||
|---|---|---|---|
| 999 |
_c57971 _d57971 |
||
| 001 | 18449014 | ||
| 005 | 20221111113353.0 | ||
| 008 | 150114s2015 enk b 001 0 eng | ||
| 020 | _a9780230223509x | ||
| 041 | _aeng | ||
| 080 | _a32(4) A-54 | ||
| 100 | 1 |
_aAnderson, Karen M. _911326 |
|
| 245 | 1 | 0 |
_aSocial policy in the European Union / _cKaren M. Anderson. |
| 264 | 1 |
_aNew York : _bPalgrave Macmillan, _c[2015]. |
|
| 300 |
_a252 pages ; _c23 cm. |
||
| 653 | _aSocial Policy in the European Union | ||
| 653 | _aსოციალური პოლიტიკა ევროკავშირში | ||
| 653 | _aპოლიტიკა | ||
| 942 |
_2udc _cBK |
||